| 000 | 00978cam a2200301 i 4500 | ||
|---|---|---|---|
| 001 | 3271 | ||
| 005 | 20240226140957.0 | ||
| 020 | _a9780140546040 | ||
| 040 |
_aDLC _cDLC _dDLC _beng |
||
| 050 | 0 | 0 | _aGN645.M87 |
| 082 | 0 | 0 | _a960 |
| 100 | 1 | _aMusgrove, Margaret | |
| 245 | 1 | 0 |
_aAshanti to Zulu : _bAfrican traditions / _cby Musgrove, Margaret ; Pictures by Leo and Dillon, Diane |
| 250 | _aFirst Pied Piper Printing 1980 | ||
| 260 |
_aLondon : _bPuffin Books , _c1976 |
||
| 300 |
_a32 pages : _bcolor illustrations, map ; _c28 cm |
||
| 505 | _aZ | ||
| 520 | _aExplains some traditions and customs of 26 African tribes beginning with letters from A to Z. | ||
| 521 |
_a900
_bLexile |
||
| 521 |
_aZ
_bRaz-Plus |
||
| 650 | 0 |
_aEthnology _zAfrica _xJuvenile literature. |
|
| 650 | 1 |
_aEthnology _zAfrica. |
|
| 650 | 1 | _aAlphabet. | |
| 700 | 1 | _aDillon, Leo | |
| 700 | 1 | _aDillon, Diane | |
| 906 |
_a7 _bcbc _corignew _d1 _eocip _f19 _gy-gencatlg |
||
| 942 |
_2ddc _cBK _n0 |
||
| 999 |
_c3271 _d3271 |
||